| 000 | 00470nam a2200205Ia 4500 | ||
|---|---|---|---|
| 005 | 20240913125538.0 | ||
| 008 | 240913s9999||||xx |||||||||||||| ||und|| | ||
| 020 | _a81-8128-392-9 | ||
| 041 | _aENGLISH | ||
| 082 | _A620.5 P6 | ||
| 100 | _aHsu,Stephen M | ||
| 245 | 0 | _aNanotribology | |
| 250 | _a1st | ||
| 260 |
_c2006 _bSpringer,New |
||
| 500 | _aREFERENCE | ||
| 650 |
_aNano _bMechanical |
||
| 700 | _a Ying,Charles Z Eds. | ||
| 942 | _cREF | ||
| 999 |
_c245772 _d245772 |
||